|
|
|
|
| LEADER |
00598nam a22001932a 4500 |
| 001 |
001827335 |
| 003 |
CZ BrMZK |
| 005 |
20220617103448.0 |
| 007 |
ta |
| 008 |
220617s1929 fr er|||||||||||fre d |
| 040 |
|
|
|a BOA001
|b cze
|e aacr2
|
| 100 |
1 |
|
|a Martin, William,
|d 1888-1934
|7 uk20211109713
|4 aut
|
| 245 |
1 |
4 |
|a Les hommes d'État pendant la guerre /
|c William Martin
|
| 260 |
|
|
|a Paris :
|b Horizons de France,
|c 1929
|
| 300 |
|
|
|a x, 382 s.
|
| 910 |
|
|
|a BOA001
|b 2-0238.137
|
| 990 |
|
|
|a BK
|
| 991 |
|
|
|b 202206
|
| 996 |
7 |
|
|b 2618738162
|c 2-0238.137
|l MZK
|r Sklad / do 24 hodin
|n 0
|w 001891911
|u 000010
|a 1
|e BOA001
|j MZK50
|s A
|